Al-Kashkol (Record no. 1258)

MARC details
000 -LEADER
fixed length control field 00578nam a2200241 a 4500
020 ## - INTERNATIONAL STANDARD BOOK NUMBER
ISBN
082 00 - DEWEY DECIMAL CLASSIFICATION NUMBER
Classification number 892.73
Author Cutter AMI
100 ## - MAIN ENTRY--AUTHOR NAME
Author name Amili, Sk Bahauddin
245 ## - TITLE STATEMENT
Title Al-Kashkol
260 ## - PUBLICATION, DISTRIBUTION, ETC. (IMPRINT)
Place of publication Tehran
Name of publisher No Publisher
Year of publication 1991
300 ## - PHYSICAL DESCRIPTION
Number of Pages 648p
500 ## - GENERAL NOTE
General note includes index and biblioraphy
505 2# - FORMATTED CONTENTS NOTE
Formatted contents note 3 vols. bound together
650 ## - SUBJECT ADDED ENTRY--TOPICAL TERM
Topical Term Arabic-Literature
942 ## - ADDED ENTRY ELEMENTS (KOHA)
Koha item type Books
700 1# -
-- Amili, Sk Bahauddin
Holdings
Collection code Home library Current library Date acquired Cost, normal purchase price Full call number Accession Number Koha item type
  Henry Martyn Institute Library Henry Martyn Institute Library 06/04/2007 100.00 892.73 AMI 04736 Books
                   Copyright © 2026 | Henry Martyn Institute | Hyderabad | TS-500052 | INDIA | Implemented by hmi.edu.in
Hit-Count:

Powered by Koha